000
00359nam a2200133Ia 4500
008
191206s9999 xx 000 0 und d
020
_a
184212725X
090
_a
DC119.8F74
245
0
_a
Catherine de Medici
260
_a
Weidenfeld & Nicolson
260
_c
cc2003
300
_a
"xxiii, 440 p., [24] p. of plates : ill. (some col."
999
_c
15644
_d
15644